Elements of physical chemistry (Record no. 27454)

MARC details
000 -LEADER
fixed length control field 00316nam a2200121Ia 4500
082 ## - DEWEY DECIMAL CLASSIFICATION NUMBER
Classification number 541.1
Item number MON
100 ## - MAIN ENTRY--AUTHOR NAME
Personal name Jones, William H
245 #0 - TITLE STATEMENT
Title Elements of physical chemistry
260 ## - PUBLICATION, DISTRIBUTION, ETC. (IMPRINT)
Place of publication London
Name of publisher Addison Wesley
Year of publication 1977
700 ## - ADDED ENTRY--PERSONAL NAME
Personal name Moncrief, J William
942 ## - ADDED ENTRY ELEMENTS (KOHA)
Koha item type Books
Holdings
Withdrawn status Lost status Damaged status Not for loan Home library Current library Date acquired Cost, normal purchase price Full call number Accession Number Koha item type
        RRII Library RRII Library 16/12/2021 15.95 541.1 MON 08077 Books